Los cinco principales países importadores de cada país - Estadísticas

Estadísticas generales
  • Esta prueba ha sido intentada 90 veces
  • La puntuación promedio es 15 de 20
Estadísticas de respuestas
País % Correcto
China
95%
Japón
95%
Australia
94%
India
90%
México
90%
Alemania
88%
Corea del Sur
83%
Canadá
82%
Suecia
81%
Arabia Saudita
77%
Italia
76%
Dinamarca
75%
Estados Unidos
75%
Turquía
69%
Polonia
65%
Taiwán
65%
Sudáfrica
62%
Países Bajos
61%
Emiratos Árabes Unidos
45%
Bielorrusia
31%
No se encontraron pruebas coincidentes
Distribución de puntuación
Porcentaje de gente con cada puntuación
Porcentaje por número respondido
Historial de tus puntuaciones
No has intentado esta prueba.